Prénoms d'écrivains français - Statistiques

Statistiques générales
  • Ce quiz a été pris 58 964 fois
    58 706 depuis la dernière actualisation
  • Le résultat moyen est 11 sur 20
Statistiques - réponses
Nom Prénom % Correct
Zola Émile
99%
Hugo Victor
99%
Maupassant (de) Guy
94%
Camus Albert
89%
Sand George
84%
Balzac (de) Honoré
80%
Dumas Alexandre
74%
Flaubert Gustave
71%
Aragon Louis
59%
Levy Marc
54%
Yourcenar Marguerite
44%
Corneille Pierre
40%
Lamartine (de) Alphonse
35%
Bellay (du) Joachim
33%
Céline Louis-Ferdinand
30%
Breton André
27%
Gautier Théophile
24%
Montaigne (de) Michel
21%
Mallarmé Stéphane
16%
Scudéry (de) Madeleine
10%
Aucun quiz correspondant
Distribution des résultats
% des personnes avec chaque résultat
Percentile par nombre de réponses
Votre historique - résultats
Vous n’avez pas pris ce quiz depuis la dernière actualisation